00520 2200217 4500001002100000005001500021035002000036008004100056245005100097100001800148250000600166260003500172300001100207084001400218082000800232650001400240990001200254990001200266990001200278990001200290INLIS00000000000043620240430015046 a0010-0424000412240430 0 ind 1 aEnsiklopedia PPKN; Globalisasi /cYana Suryana aSuryana, Yana a1 aKlaten :bCempaka Putih,c2014 a60 hlm a370 YAN e a370 4aNon Fiksi a0722548 a0722549 a0722550 a0722551